Un hombre en el universo

Uloženo v:
Podrobná bibliografie
Hlavní autor: Petit, Magdalena (Autor)
Médium: Kniha
Jazyk:španělština
Vydáno: Santiago Andrés Bello 1966
Témata:
Tagy: Přidat tag
Žádné tagy, Buďte první, kdo vytvoří štítek k tomuto záznamu!

MARC

LEADER 00000cam a2200000 a 4500
001 UCE1268
003 CL-VaPUC
008 140407e19660000cl |||||||||||||||||spa|d
082 0 4 |a Ch863  |b PET  |2 21 
100 |a Petit, Magdalena   |e author  |9 345741 
245 1 3 |a Un hombre en el universo 
300 |a 447 p 
942 |c BK 
945 |d 20140407 11:30:00  |a cmena 
260 |a Santiago  |b Andrés Bello  |c 1966 
650 0 |a Novelas chilenas   |9 265425 
650 0 |a Literatura chilena   |9 308278 
583 |a last modification  |c 20140407 11:30:00  |k Rodrigo Vera 
999 |c 355124  |d 355122 
952 |0 0  |1 0  |3 erb  |4 0  |6 CH_863_000000000000000_PET_1966  |7 0  |8 A  |9 461506  |a BIBEDU  |b BIBEDU  |c ES_NOD  |i 5051088  |o Ch863 PET 1966  |p 5051088  |r 2023-08-09  |w 2019-11-23  |y BK  |z Catalogado en:20140407  |k LIT